000 00653nam a2200193Ia 4500
008 151121s9999||||xx |||||||||||||| ||und||
082 _a833/राजेश
082 _bHNW-18500
100 _aराजोश - रूपान्तर
245 _aआकाश कुसुम
260 _b"हिन्दी प्रचारक संस्थान, वाराणासी"
260 _c--
300 _a117
600 _aराजोश - रूपान्तर
630 _aआकाश कुसुम
700 _aराजोश - रूपान्तर
730 _aआकाश कुसुम
942 _cBOOK
999 _c1220366
_d1220363